| 000 | 00691cam a22002173a 4500 | ||
|---|---|---|---|
| 001 | 18502 | ||
| 003 | PGUSA | ||
| 005 | 20140828083408.0 | ||
| 008 | 060604s2006||||xxu|||||s|||||000 | eng d | ||
| 040 |
_aPGUSA _beng |
||
| 042 | _adc | ||
| 050 | 4 | _aBX | |
| 245 | 1 | 4 |
_aThe Annual Monitor for 1851 ; _bor, Obituary of the members of the Society of Friends in Great Britain and Ireland, for the year 1850 _h[electronic resource] / _cAnonymous |
| 260 |
_bProject Gutenberg, _c2006 |
||
| 506 | _aPublic domain in the USA. | ||
| 516 | _aElectronic text | ||
| 653 | _aQuakers -- Biography | ||
| 830 | 0 |
_aProject Gutenberg _v18502 |
|
| 856 | 4 | 0 | _uhttp://www.gutenberg.org/ebooks/18502 |
| 942 | _cEB | ||
| 999 |
_c247757 _d247757 |
||